| 000 | 00349nam a2200145Ia 4500 | ||
|---|---|---|---|
| 005 | 20251222141842.0 | ||
| 008 | 251222s9999||||xx |||||||||||||| ||spa|| | ||
| 020 | _a9788499420837 | ||
| 082 | _a869.560.08/N75 | ||
| 100 | _aNoguchi, Thomas T. | ||
| 245 | 0 | _aCadáveres Exquisitos | |
| 250 | _a1ra.ed. | ||
| 264 | _bGlobal Rhythm Press | ||
| 942 | _cLIB | ||
| 999 |
_c7469 _d7469 |
||